Gentes del saber en la Europa de finales de la Edad Media /

Obra de sociología histórica en que se da cuenta de la transformación social y cultural de la Europa de finales de la Edad Media. En el marco de una sociedad en que la estructura y las relaciones se volvían cada vez más complejas, y bajo la protección del moderno Estado que se estaba gestando, surgi...

Fuld beskrivelse

Guardado en:
Bibliografiske detaljer
Hovedforfatter: Verger, Jacques (autor)
Format: Bog
Sprog:spansk
Udgivet: Madrid, España : Universidad Complutense de Madrid, 1999, c1999
Serier:(La Mirada de la Historia)
Fag:
Tags: Tilføj Tag
Ingen Tags, Vær først til at tagge denne postø!

MARC

LEADER 00000nam^a2200000^a^4500
001 000142125
005 20250521000000.0
009 20260310095639.362
020 |a 84-89784-69-8 
037 |a Acervo ITESO - Biblioteca 
041 |a ESP 
082 |a 378. 40  |b VER 
100 |a Verger, Jacques  |e (autor) 
245 1 0 |a Gentes del saber en la Europa de finales de la Edad Media /  |c J. Verger ; tr. por Teresa Garín Sanz de Bremond. 
264 4 |a Madrid, España :  |b Universidad Complutense de Madrid,  |c 1999, c1999 
300 |a XVI, 259 p. 
336 |a texto  |b txt  |2 rdacontenido 
337 |a sin mediación  |b n  |2 rdamedio 
338 |a volumen  |b nc  |2 rdasoporte 
440 4 |a (La Mirada de la Historia) 
500 |a Traducción de: Les gens du savoir en Europe à la fin du Moyen Age 
520 |a Obra de sociología histórica en que se da cuenta de la transformación social y cultural de la Europa de finales de la Edad Media. En el marco de una sociedad en que la estructura y las relaciones se volvían cada vez más complejas, y bajo la protección del moderno Estado que se estaba gestando, surgieron nuevos grupos, siendo el de la gente del saber el más destacado. El autor estudia el papel preponderante que religiosos, literatos, juristas, entre otros, desempeñaron en los cambios económicos, políticos y de mentalidades que marcaron el inicio de la era moderna. 
649 |a XX 
650 |a Intelectuales y Estado -  |z Europa -  |x Tema Principal 
650 |a Cambios Sociales y Culturales -  |z Europa -  |x Historia 
650 |a Estado, El -  |z Europa -  |x Historia 
650 |a Burocracia -  |z Europa -  |x Historia 
650 |a Iglesia y Estado -  |z Europa -  |x Historia 
650 |a Cultura -  |z Europa -  |x Historia -  |y 476-1492 
650 |a Profesiones -  |z Europa -  |x Historia -  |y 476-1492 -  |x Tema Principal 
650 |a Educación Superior -  |z Europa -  |x Historia -  |y 476-1492 
650 |a Europa -  |x Historia -  |y 476-1492 
650 |a Edad Media -  |x Historia 
910 |a Fondo General 
920 |a Impresos - Libros 
930 |a Colección General 
905 |a 101 
901 |a 0500070740  |b IT1  |c ACC  |u 20250521 
902 |a https://opac.biblio.iteso.mx/vufind/Record/000142125